000 00716nam a2200229 a 4500
999 _c11273
_d11273
001 11273
003 BD-JhCC
005 20220804134023.0
008 190620s20002018bg |||| ||a| 000 0 ben d
020 _a9844950361
035 _a(BD-JhCC)11273
040 _aBD-JhCC
_dBD-JhCC
041 _aben
082 _a891.443
_bAHM 2018
100 _aআহমেদ, হুমায়ূন
245 _aহিমু অমনিবাস /
_cহুমায়ূন আহমেদ ।
260 _aঢাকা:
_bপার্ল পাবলিকেশন্স;
_c২০১৮.
300 _a৭৫৭ পৃ . :
_c ২২ সেমি.
650 _aNovel
942 _2ddc
_cBK
_014